<?xml version="1.0" encoding="UTF-8"?><?xml-stylesheet type="text/xsl" href="static/style.xsl"?><OAI-PMH xmlns="http://www.openarchives.org/OAI/2.0/" xmlns:xsi="http://www.w3.org/2001/XMLSchema-instance" xsi:schemaLocation="http://www.openarchives.org/OAI/2.0/ http://www.openarchives.org/OAI/2.0/OAI-PMH.xsd"><responseDate>2026-06-01T22:20:20Z</responseDate><request verb="GetRecord" identifier="oai:riuma.uma.es:10630/33657" metadataPrefix="marc">https://riuma.uma.es/rest/oai/request</request><GetRecord><record><header><identifier>oai:riuma.uma.es:10630/33657</identifier><datestamp>2026-02-03T11:18:38Z</datestamp><setSpec>com_10630_2254</setSpec><setSpec>col_10630_37953</setSpec></header><metadata><record xmlns="http://www.loc.gov/MARC21/slim" xmlns:dcterms="http://purl.org/dc/terms/" xmlns:doc="http://www.lyncode.com/xoai" xmlns:xsi="http://www.w3.org/2001/XMLSchema-instance" xsi:schemaLocation="http://www.loc.gov/MARC21/slim http://www.loc.gov/standards/marcxml/schema/MARC21slim.xsd">
   <leader>00925njm 22002777a 4500</leader>
   <datafield ind2=" " ind1=" " tag="042">
      <subfield code="a">dc</subfield>
   </datafield>
   <datafield ind2=" " ind1=" " tag="720">
      <subfield code="a">Calderón-Vázquez, Francisco José</subfield>
      <subfield code="e">author</subfield>
   </datafield>
   <datafield ind2=" " ind1=" " tag="260">
      <subfield code="c">2010-01</subfield>
   </datafield>
   <datafield ind2=" " ind1=" " tag="520">
      <subfield code="a">El presente trabajo plantea la posible contribución de lo “endógeno” a los procesos de desarrollo económico y social de América Latina, entendida como macro región cultural. Procesos todavía incompletos, a dos centurias de su Independencia.   El articulo plantea un iter, entendemos que sugestivo, por cuanto que parte de la revisión de la evolución socioeconómica latinoamericana, mediante un análisis descriptivo y relacional llevado a cabo conectando datos estadísticos con los grandes ítems de la economía del desarrollo en general y del pensamiento económico latinoamericano tradicional en particular. Dicha revisión analítica se desarrolla en los epígrafes 1 y 2 del texto.   Toda vez revisitada Latinoamérica, el trabajo se adentra progresivamente en la revisión del marco teorizo del desarrollo endógeno, sus contradicciones y aplicaciones en el difícil contexto latinoamericano (epígrafes 3 y 4). En el contexto del trabajo se entiende que el ámbito territorial constituye un ámbito funcional critico en el caso latinoamericano, puesto que conduce a un planteamiento micro-macro de la realidad latinoamericana y, a una mejor articulación de las relaciones entre economía y sociedad. Ello no significa que el “endógeno” sea el único, ni necesariamente el camino a seguir, para lograr mejores resultados en lo económico y en lo social. El presente trabajo se dirige, mas que a buscar respuestas especificas a los males latinoamericanos, a proporcionar algunas pistas u orientaciones para la tipificación correcta de los problemas económicos y sociales de América Latina, de manera que una vez conocida y diagnosticada la enfermedad, podamos buscar y encontrar el remedio, tratando de que éste no sea peor que la enfermedad.</subfield>
   </datafield>
   <datafield ind1="8" ind2=" " tag="024">
      <subfield code="a">Francisco J. Calderon Vazquez, 2010. "Latin America Revisited: La Contribución De Lo “Endogeno” Al Desarrollo Económico Latinoamericano," Tecsistecatl, Servicios Académicos Intercontinentales SL, issue 7, January.</subfield>
   </datafield>
   <datafield ind1="8" ind2=" " tag="024">
      <subfield code="a">ISSN 1886-8452</subfield>
   </datafield>
   <datafield ind1="8" ind2=" " tag="024">
      <subfield code="a">https://hdl.handle.net/10630/33657</subfield>
   </datafield>
   <datafield tag="653" ind2=" " ind1=" ">
      <subfield code="a">Desarrollo comunitario</subfield>
   </datafield>
   <datafield tag="653" ind2=" " ind1=" ">
      <subfield code="a">Disparidades económicas regionales</subfield>
   </datafield>
   <datafield ind2="0" ind1="0" tag="245">
      <subfield code="a">Latin America Revisited: La Contribución De Lo “Endogeno” Al Desarrollo Económico Latinoamericano</subfield>
   </datafield>
</record>
</metadata></record></GetRecord></OAI-PMH>